000 00713nam a22002177a 4500
005 20241010113214.0
010 _aENG-142034
020 _a9788172088521
_c92.00
035 _aEN-125566
037 _bDBAD/PUB
082 0 4 _a230.35
245 1 0 _aSATHYA SAI SPEAKS
250 _aFIRST
260 _aPrasanthi Nilayam
_bSRI SATHYA SAI SADHANA TRUST, PUBLICATIONS division
_c2010
270 _aanantapur district
_bandhra pradesh
_e515134
300 _a310 p. :
_b21c.m
490 _a"This is a part of Aligarh Historians Society series"--T.p. verso
500 _aIncludes bibliographical references and index
700 1 _aHabib, Faiz,
_d1962- ,
_952394
942 _2ddc
_cEN
_h230.35
_mSAT
999 _c206227
_d206227